MDQL
is popping MORE tags! Check the
thread
!
Quizzes
Events
Quiz Creation
Community
Videos
Private Events
Remove Ads
Sign In
Join for FREE
Feedback
Dark Mode
Quiz Categories
Sports
Geography
Music
Movies
Television
Just For Fun
Miscellaneous
History
Literature
Language
Science
Gaming
Entertainment
Religion
Holiday
For Kids
Quiz Lab
Recent
Popular Today
Quiz Kudos Today
Editor Picks
Curator Picks
Quizzes by...
Day
Popularity
Type
Ratings
Length
Year
Community
Subscriptions
Recent Discussions
Orange Saloon
Badges
Playlists
Quests
Create
Leaderboards
Showdown
Live 5
Trivia Bingo
Activity
Puzzle Library
Sporcle Events
Private Events
Virtual Trivia
Globe League
Become a Host
Pub Owners
SporcleCon
Opinionation
Our Games
Videos
Blog
Mobile Apps
Partnerships
Remove Ads and Go Orange
Feedback
Entertainment
Celebrity
Famous
Musical
Broadway
Show
Quote
Comic Books
Anime
Superhero
DC Comics
Marvel
Cartoons
Animation
Entertainment
Celebrity
Famous
Musical
Broadway
Show
Quote
Comic Books
Anime
Superhero
DC Comics
Marvel
Cartoons
Animation
Random Quiz
Search Sporcle
×
Quiz Lab
Quiz Lab
Entertainment
Vampire
Type in answers that appear in a list
Type in answers that appear in a list
Classic
Best Score? Go Orange.
Anne Rice Vampires Quiz Stats
Can you name the Anne Rice Vampires and books??
By
LexiWolfe
10m
25 Questions
129 Plays
129 Plays
129 Plays
Comments
Comments
Give Quiz Kudos
Give Quiz Kudos
-
- Ratings
hide this ad
More Info
Wrong Answers
Some wrong answers will appear in red
Some wrong answers will appear in red
Replay
Link that replays current quiz
Next Quiz
Link to next quiz in quiz playlist
You Got
0%
They Got
Avg Score
63%
Avg Friend Score
Upgrade to see
Score Distribution
Jump to the score distribution portion of the page
Score
0/25
Timer
10:00
0
Plays Today
What
Answer
% Correct
The name of the vampire who makes #1 a vampire?
???
100%
The name of the Interviewed Vampire (Interview With The Vampire?
???
98.4%
The 'leader' of the Theatres Des Vampires of Paris
???
91.5%
The name of their vampire child, made when she was five years old?
???
89.9%
An old vampire, and the maker of #6
???
86%
The Tale of The _
_
_
_
_
_
Thief
???
83.7%
Memnoch The _
_
_
_
_
_
_
???
82.9%
_
_
_
_
_
_
Canticle
???
74.4%
#7's former king when they ruled over Egypt
???
68.2%
First name of Mr. Talbot, member of the Talamasca
???
68.2%
Blood and _
_
_
_
_
; the book in which we meet Thorne
???
68.2%
_
_
_
_
_
_
_
_
_
_
_
Farm
???
67.4%
The name of the witch family from New Orleans
???
66.7%
What
Answer
% Correct
After defeating Akasha, she becomes the keeper of the sacred core and turns to stone
???
63.6%
Aaliyah played her in the movie
???
61.2%
#2's mother
???
60.5%
Who made #2
???
55%
#2 was played by this actor, after Tom Cruise
???
54.3%
Has his own vampire book, though he never meets any characters from the other books
???
54.3%
After defeating Akasha with her sister, she becomes the keeper of the sacred core
???
51.9%
The name of the witch with whom #18 falls in love
???
41.9%
Wanted to be a vampire so she could have #3, ''a child who cannot die'
???
41.1%
What #7 & #9 are referred to when Marius is looking after them
???
30.2%
The name of #1's desired one in the first part of the story?
???
20.2%
???
13.2%
Quiz Playlist
Details
Report
Send in Message
Add To Playlist
More Info:
You will find no sparkling here! Just a fangtastic quiz =)
Classic:
Type in answers that appear in a list
Wrong Answers:
Some wrong answers will appear in red
Last Updated: Feb 16, 2017
Quiz Scoreboard
CHALLENGE
Sign Up to Join the Scoreboard
Show All
Scores
Hide
Comments
May contain spoilers
Recently Published
Find the 'City' Movie
by crazypaving
Movies
60s
5x2 Blitz: Bands
by SL_Kpop136
Music
30s
Colored Red Africa Blitz
by spor1
Geography
30s
More to Explore
Quiz From the Vault
Featured Blog Post
14 Easter Pick-up Lines to Find Eggs With
hide this ad
You Might Also Like...
Tags
Anne Rice
Vampire
Vampire Movie
Vampire Shows
Today's Top Quizzes in Entertainment
Browse Entertainment
hide this ad
Today's Top Quizzes in Vampire
Browse Vampire
Top Contributed Quizzes in Entertainment
1
Dragon Ball Z: Goku's Fights in Order
2
Celebrity Spelling Bee
3
Fairy Tail 12-1
4
Marvel Characters Bunker
5
X-Men: 10 to 1
6
'Dear Evan Hansen' Start to Finish
7
Click the 'C' Cartoon Characters II
8
Homestuck Ship Identification (Part 1)
9
How well do you know BTS?
10
Obscure Knowledge - 7 Dirty Words
Explore More
Trending Topics
Marvel
Disney
Kpop
Anime
Crossword
Harry Potter
NBA
WWE
Soccer
Country
Puzzle
The Office
NFL
Song
Pokémon
hide this ad
More By:
LexiWolfe
Quiz
Plays
Rating
Category
Featured
Created
The White Queen - Characters
728
5.00
Entertainment
Aug 27, 2013
Anne Rice Vampires Quiz
129
4.00
Entertainment
Aug 17, 2013
Go to Creator's Profile
Score Distribution
Quiz Creator Spotlight
LexiWolfe
Follow
Send a Message
Quizzes Created
-
Created Quiz Play Count
-
More By This Creator
Popular Quizzes Today
1
5x2 Blitz: Bands
2
Find the 'City' Movie
3
Colored Red Africa Blitz
4
Find the US States - No Outlines Minefield
5
The Countries of the World
6
Find the US States
7
9x9 Crossword: Cartoon Network
8
US States
More Entertainment Quizzes
Fade Out Blitz: Marvel Villains
Curator's Pick
Trending Quizzes
Colored Red Africa Blitz II
Colored Red Europe Blitz I
Christmas Pick: Judaism
Colored Red Africa Blitz III
Colored Red Europe Blitz II
Recently Updated
Champions League XIs: Real Madrid
pecheneg
Largest US Cities 1790-2010
pecheneg
Rides in Walt Disney World
pecheneg
Most Oscar Losses (Acting)
pecheneg
Beyoncé Albums
pecheneg
Leaping Animals
pecheneg
Reality TV Shows (A-Z)
bhenderson79
Rickey Henderson's Hall of Fame Teammates
pecheneg
Champions League XIs: Arsenal
pecheneg
Quick Pick: Celebrities in WWE's Hall of Fame
aduchscher
Trending Topics
Kpop
NBA
Anime
Marvel
Disney
Harry Potter
Crossword
NFL
Soccer
The Office
WWE
Country
Pokémon
Song
Puzzle
Your Account Isn't Verified!
In order to create a playlist on Sporcle, you need to verify the email address you used during registration. Go to your
Sporcle Settings
to finish the process.
Report this User
Report this user for behavior that violates our
Community Guidelines
.
Details:
Send Report
Go to the Sporcle.com Mobile Site →
Comments